Vol. 56, № 1; Industrial and Engineering Chemistry; Process design and development

Библиографические подробности
Источник:Industrial and Engineering Chemistry/ American Chemical Society. Vol. 56, № 1.— , 1935-1970
Примечания:В журнале не печатается ряд страниц
В журнале печатается приложение с отдельной периодизацией
Язык:английский
Опубликовано: 1964
Содержание:Process design and development;
Формат: Книга
Запись в KOHA:https://koha.lib.tpu.ru/cgi-bin/koha/opac-detail.pl?biblionumber=583908

MARC

LEADER 00000nam2a2200000 4500
001 583908
005 20231101131052.0
035 |a (RuTPU)RU\TPU\prd\285129 
035 |a RU\TPU\prd\285128 
090 |a 583908 
100 |a 20190717a19351970k y0engy50 ba 
101 0 |a eng 
102 |a US 
200 0 |a Vol. 56, № 1 
210 |d 1964 
215 |a p. 1-74, p. 1-88 (приложение) 
300 |a В журнале не печатается ряд страниц 
300 |a В журнале печатается приложение с отдельной периодизацией 
461 1 |0 (RuTPU)RU\TPU\prd\283487  |t Industrial and Engineering Chemistry  |f American Chemical Society  |v Vol. 56, № 1  |d 1935-1970 
464 |t Process design and development  |v Vol. 3 № 1 
517 1 |a Промышленная химия и химическая технология 
801 0 |a RU  |b 63413507  |c 20010227  |g PSBO 
801 1 |a RU  |b 63413507  |c 20080423  |g PSBO 
801 2 |a RU  |b 63413507  |c 20190717  |g PSBO 
942 |c BK 
999 |a НТБ_ТПУ  |b НФ  |e -8/20180109  |p П-517  |u 0,00  |v 1  |x 10237